000 00253nam a2200097Ia 4500
001 933017
005 20250826214937.0
008 250824s9999 xx 000 0 und d
245 0 _aNUREDDİN ZENGİ ŞARKIN KANDİLİ
_cALİ EMRE
260 _bKETEBE YAYINLARI
999 _c933017
_d933017